00461nam a2200145Ia 4500008004100000020001500041041000800056082001700064100002100081245014100102250000600243260003800249300001400287650001400301210716s2006 xx 000 0 und d a1419520199 aeng a658.804 BARM aBarletta, Marti. aMarketing to women: how to increase your share of the world's largest market.bHow to increase your share of the world's largest market. a2 aNew YorkbKaplan Publishingc2006 axxxiv,325 aMarketing